| 000 | 00375nam a2200169Ia 4500 | ||
|---|---|---|---|
| 001 | 14172 | ||
| 005 | 20260306164855.0 | ||
| 008 | 260306t9999||||xx |||||||||||||| ||spa|| | ||
| 041 | _aESP | ||
| 082 |
_a510 _bG64 |
||
| 100 |
_aGómez Salcedo, Sixto _eAUT |
||
| 245 | 0 | _aMatemática básica | |
| 300 |
_a _c |
||
| 650 | _aGEN | ||
| 654 | _aCMA | ||
| 942 |
_cLIB _dJUS _fJUS _2ddc _n |
||
| 999 |
_c14172 _d14172 |
||